<?xml version="1.0" encoding="UTF-8"?><?xml-stylesheet type="text/xsl" href="static/style.xsl"?><OAI-PMH xmlns="http://www.openarchives.org/OAI/2.0/" xmlns:xsi="http://www.w3.org/2001/XMLSchema-instance" xsi:schemaLocation="http://www.openarchives.org/OAI/2.0/ http://www.openarchives.org/OAI/2.0/OAI-PMH.xsd"><responseDate>2026-06-01T14:22:09Z</responseDate><request verb="GetRecord" identifier="oai:riuma.uma.es:10630/34217" metadataPrefix="marc">https://riuma.uma.es/rest/oai/request</request><GetRecord><record><header><identifier>oai:riuma.uma.es:10630/34217</identifier><datestamp>2026-02-03T11:05:22Z</datestamp><setSpec>com_10630_2254</setSpec><setSpec>col_10630_37953</setSpec></header><metadata><record xmlns="http://www.loc.gov/MARC21/slim" xmlns:dcterms="http://purl.org/dc/terms/" xmlns:doc="http://www.lyncode.com/xoai" xmlns:xsi="http://www.w3.org/2001/XMLSchema-instance" xsi:schemaLocation="http://www.loc.gov/MARC21/slim http://www.loc.gov/standards/marcxml/schema/MARC21slim.xsd">
   <leader>00925njm 22002777a 4500</leader>
   <datafield ind2=" " ind1=" " tag="042">
      <subfield code="a">dc</subfield>
   </datafield>
   <datafield ind2=" " ind1=" " tag="720">
      <subfield code="a">Baquero Aguilar, Jorge</subfield>
      <subfield code="e">author</subfield>
   </datafield>
   <datafield ind2=" " ind1=" " tag="260">
      <subfield code="c">2021-11-01</subfield>
   </datafield>
   <datafield ind2=" " ind1=" " tag="520">
      <subfield code="a">La noción de trabajo decente ha adquirido a lo largo de los años una dimensión más globalizada. Lo anterior se argumenta con la inclusión de sus postulados en la Agenda 2030 y los Objetivos de Desarrollo Sostenible (ODS). No obstante, la aplicación del trabajo decente en nuestro sistema de empleo público parece no haber calado de forma suficiente. La problemática de la temporalidad en el seno de nuestras instituciones ha llegado a alcanzar dimensiones extraordinarias, de forma que se podría considerar como un problema endémico. Las resoluciones de los Tribunales tanto europeos como nacionales son las que hasta el momento han puesto un poco de claridad en torno a la gran diversidad de controversias jurídicas suscitadas. La intervención reciente del legislador vía Real Decreto-Ley no ha hecho sino incorporar los criterios jurisprudenciales más recientes al mismo dejando toda una serie de cuestiones pendientes de resolver. La interrelación estrecha entre el trabajo decente y los Objetivos 8 y 16 de la Agenda 2030 con la problemática de la temporalidad se muestra como fundamental, no sólo a la hora de plantear soluciones de futuro, sino también a la hora de preservar la solidez, la objetividad y la imparcialidad de nuestras Administraciones.</subfield>
   </datafield>
   <datafield ind1="8" ind2=" " tag="024">
      <subfield code="a">BAQUERO AGUILAR, J.: "La problemática de la temporalidad en las Administraciones Públicas, el trabajo decente y los Objetivos de Desarrollo Sostenible`", en Revista Internacional y Comparada de Relaciones Laborales y Derecho del Empleo, ISSN-e 2282-2313, Vol. 9, Nº. 4, 2021, págs. 232-278.</subfield>
   </datafield>
   <datafield ind1="8" ind2=" " tag="024">
      <subfield code="a">https://hdl.handle.net/10630/34217</subfield>
   </datafield>
   <datafield tag="653" ind2=" " ind1=" ">
      <subfield code="a">Administración pública</subfield>
   </datafield>
   <datafield tag="653" ind2=" " ind1=" ">
      <subfield code="a">Empleo temporal</subfield>
   </datafield>
   <datafield tag="653" ind2=" " ind1=" ">
      <subfield code="a">Desarrollo sostenible</subfield>
   </datafield>
   <datafield ind2="0" ind1="0" tag="245">
      <subfield code="a">La problemática de la temporalidad en las Administraciones Públicas, el trabajo decente y los Objetivos de Desarrollo Sostenible</subfield>
   </datafield>
</record>
</metadata></record></GetRecord></OAI-PMH>